[Event "Berlin Lichtenrade op 12th"]
[Site "Berlin"]
[Date "2016.10.22"]
[Round "1"]
[White "Welz, Peter"]
[Black "Kazmierczak, Ewa"]
[Result "1-0"]
[WhiteElo "2085"]
[BlackElo "1572"]
[PlyCount "71"]
[EventDate "2016.10.22"]
[EventType "swiss"]
[EventRounds "9"]
[EventCountry "GER"]
[SourceTitle "EXT 2018"]
[Source "ChessBase"]
[SourceDate "2017.10.13"]
[SourceVersion "1"]
[SourceVersionDate "2017.10.13"]
[SourceQuality "1"]

1. e4 e6 2. d4 d5 3. e5 c5 4. c3 Nc6 5. Nf3 Qb6 6. a3 c4 7. Nbd2 Be7 8. g3 f6 9. Bg2 fxe5 10. dxe5 Nh6 11. 0-0 0-0 12. Rb1 Qc7 13. Qe2 Bd7 14. b3 cxb3 15. Nxb3 Nf7 16. Re1 Rab8 17. Nbd4 Na5 18. Bh3 Nd8 19. Ng5 Bxg5 20. Bxg5 Re8 21. Qg4 Nf7 22. Bf6 g6 23. Bg2 Nc4 24. h4 Ncxe5 25. Qf4 Qxc3 26. Bxe5 Nxe5 27. Qxe5 Qxa3 28. Rbc1 Rbc8 29. Rxc8 Bxc8 30. Bxd5 Qc3 31. h5 Bd7 32. h6 Re7 33. Nf5 Qxe5 34. Nxe7+ Kf7 35. Rxe5 exd5 36. Nxd5 1-0

[Event "London Classic op 7th"]
[Site "London"]
[Date "2015.12.09"]
[Round "7"]
[White "Miu, Marinel"]
[Black "Kazmierczak, Ewa"]
[Result "1-0"]
[WhiteElo "1820"]
[BlackElo "1599"]
[PlyCount "73"]
[EventDate "2015.12.04"]
[EventType "swiss"]
[EventRounds "9"]
[EventCountry "ENG"]
[SourceTitle "CBM 169 Extra"]
[Source "ChessBase"]
[SourceDate "2015.12.18"]
[SourceVersion "1"]
[SourceVersionDate "2015.12.18"]
[SourceQuality "1"]

1. e3 e5 2. d4 exd4 3. exd4 d5 4. Bd3 Bd6 5. Ne2 Ne7 6. Ng3 Nd7 7. 0-0 0-0 8. Nc3 c6 9. Bg5 Qc7 10. Re1 Ng6 11. Qh5 Bf4 12. Be7 Nf6 13. Bxf6 gxf6 14. Nce2 Be6 15. Nxf4 Qxf4 16. Rxe6 fxe6 17. Bxg6 hxg6 18. Qxg6+ Kh8 19. Nh5 Qg5 20. Qxg5 fxg5 21. Re1 Rae8 22. g4 Kh7 23. Kg2 Kg6 24. Kg3 Re7 25. f4 Rfe8 26. Re5 gxf4+ 27. Nxf4+ Kf6 28. h4 b5 29. b4 Rb8 30. g5+ Kf7 31. Kg4 Rb6 32. h5 Ra6 33. h6 Rxa2 34. h7 Re8 35. Rxe6 Rc8 36. Rxc6 Rh8 37. Rc7+ 1-0

[Event "London Classic op 7th"]
[Site "London"]
[Date "2015.12.06"]
[Round "4"]
[White "Kazmierczak, Ewa"]
[Black "Ettu, Kore"]
[Result "0-1"]
[WhiteElo "1599"]
[BlackElo "1816"]
[PlyCount "40"]
[EventDate "2015.12.04"]
[EventType "swiss"]
[EventRounds "9"]
[EventCountry "ENG"]
[SourceTitle "CBM 169 Extra"]
[Source "ChessBase"]
[SourceDate "2015.12.18"]
[SourceVersion "1"]
[SourceVersionDate "2015.12.18"]
[SourceQuality "1"]

1. e4 e5 2. Nf3 Nc6 3. Bb5 Nf6 4. 0-0 d6 5. Re1 Be7 6. d4 exd4 7. Nxd4 Bd7 8. Nxc6 bxc6 9. Bf1 0-0 10. Nc3 Rb8 11. b3 Ng4 12. h3 Bf6 13. Bb2 Ne5 14. Rb1 Ng6 15. Be2 Nf4 16. Bg4 Be5 17. Bxd7 Qxd7 18. Qf3 f5 19. exf5 Qxf5 20. Qe4 Nxh3+ 0-1

[Event "Barcelona Sant Marti op-B 16th"]
[Site "Barcelona"]
[Date "2014.07.21"]
[Round "9"]
[White "Kazmierczak, Ewa"]
[Black "Garcia Extremera, Manuel"]
[Result "1/2-1/2"]
[WhiteElo "1563"]
[BlackElo "1759"]
[PlyCount "83"]
[EventDate "2014.07.13"]
[EventType "swiss"]
[EventRounds "9"]
[EventCountry "ESP"]
[SourceTitle "CBM 161 Extra"]
[Source "ChessBase"]
[SourceDate "2014.08.29"]
[SourceVersion "1"]
[SourceVersionDate "2014.08.29"]
[SourceQuality "1"]

1. e4 c5 2. Nf3 d6 3. d4 cxd4 4. Nxd4 Nf6 5. f3 Nc6 6. c4 e6 7. Be2 Bd7 8. Nc3 Nxd4 9. Qxd4 Bc6 10. Be3 e5 11. Qd2 Be7 12. 0-0 0-0 13. Rac1 Rc8 14. Rfd1 a6 15. Nd5 Nxd5 16. cxd5 Bd7 17. Rxc8 Bxc8 18. Rc1 f5 19. Qc3 f4 20. Bf2 Bd7 21. Qc7 Qc8 22. Rc3 Re8 23. Qa5 Qa8 24. Qc7 Bb5 25. Bxb5 axb5 26. Qd7 Kf8 27. Qxb5 Rc8 28. Rxc8+ Qxc8 29. b3 Qc1+ 30. Qf1 Qc2 31. Qa1 Bd8 32. h3 Ba5 33. Be1 Bb6+ 34. Kh2 Bd4 35. Bc3 Bxc3 36. Qf1 Qd2 37. Qc4 g5 38. Qc8+ Kg7 39. Qd7+ Kf8 40. Qd8+ Kf7 41. Qd7+ Kf8 42. Qd8+ 1/2-1/2

[Event "Barcelona Sant Marti op-B 16th"]
[Site "Barcelona"]
[Date "2014.07.18"]
[Round "6"]
[White "Ylla Soro, Rafael"]
[Black "Kazmierczak, Ewa"]
[Result "1/2-1/2"]
[WhiteElo "1799"]
[BlackElo "1563"]
[PlyCount "51"]
[EventDate "2014.07.13"]
[EventType "swiss"]
[EventRounds "9"]
[EventCountry "ESP"]
[SourceTitle "CBM 161 Extra"]
[Source "ChessBase"]
[SourceDate "2014.08.29"]
[SourceVersion "1"]
[SourceVersionDate "2014.08.29"]
[SourceQuality "1"]

1. d4 d5 2. Nf3 Nf6 3. g3 e6 4. Bg2 c5 5. c3 Nc6 6. 0-0 cxd4 7. cxd4 h6 8. a3 Bd6 9. Nc3 a6 10. e3 0-0 11. b4 b5 12. Bb2 Bb7 13. Nd2 Rc8 14. Nb3 Re8 15. Nc5 Bxc5 16. bxc5 e5 17. Ne2 exd4 18. exd4 Na5 19. Bc3 Nc6 20. Re1 Rc7 21. Nf4 Rxe1+ 22. Bxe1 Re7 23. Bc3 Ne4 24. Be1 Nf6 25. Bc3 Bc8 26. f3 1/2-1/2

[Event "Prague op-B 13th"]
[Site "Prague"]
[Date "2014.??.??"]
[Round "1"]
[White "Kazmierczak, Ewa"]
[Black "Manik, Mikulas"]
[Result "0-1"]
[WhiteElo "1549"]
[BlackElo "1976"]
[PlyCount "130"]
[EventDate "2014.01.10"]
[EventType "swiss"]
[EventRounds "9"]
[EventCountry "CZE"]
[SourceTitle "CBM 158 Extra"]
[Source "ChessBase"]
[SourceDate "2014.02.28"]
[SourceVersion "1"]
[SourceVersionDate "2014.02.28"]
[SourceQuality "1"]

1. e4 c5 2. Nf3 Nc6 3. d4 cxd4 4. Nxd4 g6 5. c4 Bg7 6. Be3 Nf6 7. f3 d6 8. Nc3 Bd7 9. Be2 a5 10. 0-0 0-0 11. Qd2 a4 12. Rfd1 Ne5 13. Rac1 Rc8 14. Ncb5 Bc6 15. Qb4 Ra8 16. h3 Ned7 17. Nc3 Qa5 18. Qxa5 Rxa5 19. Nd5 Bxd5 20. cxd5 Nc5 21. Nb5 Nfd7 22. Bd2 Raa8 23. Bc3 Rfc8 24. Rc2 Bxc3 25. Rxc3 Nb6 26. g3 f6 27. h4 Nbd7 28. Rd4 Nb6 29. Rb4 Na6 30. Rd4 Rxc3 31. Nxc3 Nc5 32. Bb5 Rc8 33. Kf2 a3 34. bxa3 Ncd7 35. Bxd7 Nxd7 36. Rd3 Rc4 37. Ke2 Nc5 38. Re3 Kf7 39. a4 Nxa4 40. Nxa4 Rxa4 41. a3 Ke8 42. Rc3 Kd7 43. Kd3 h5 44. Kc2 g5 45. Kd3 gxh4 46. gxh4 f5 47. Ke3 e5 48. exf5 Rxh4 49. Rb3 Kc7 50. Rb4 Rxb4 51. axb4 h4 52. Kf2 Kd7 53. Kg2 Ke7 54. Kh3 Kf6 55. Kxh4 Kxf5 56. Kg3 b5 57. Kf2 e4 58. fxe4+ Kxe4 59. Ke2 Kd4 60. Kd2 Kc4 61. Kc2 Kxb4 62. Kb2 Kc4 63. Kc2 Kxd5 64. Kb3 Kc5 65. Kc3 d5 0-1

[Event "Barcelona Sant Marti op-B 15th"]
[Site "Barcelona"]
[Date "2013.07.17"]
[Round "5"]
[White "Kazmierczak, Ewa"]
[Black "Gonzalez Edo, David"]
[Result "1/2-1/2"]
[WhiteElo "1574"]
[BlackElo "1777"]
[PlyCount "76"]
[EventDate "2013.07.13"]
[EventType "swiss"]
[EventRounds "9"]
[EventCountry "ESP"]
[SourceTitle "CBM 155 Extra"]
[Source "ChessBase"]
[SourceDate "2013.08.26"]
[SourceVersion "1"]
[SourceVersionDate "2013.08.26"]
[SourceQuality "1"]

1. e4 c5 2. Nf3 g6 3. d4 cxd4 4. Nxd4 Bg7 5. c4 Nc6 6. Be3 Nf6 7. Nc3 0-0 8. Be2 d6 9. 0-0 Nxd4 10. Bxd4 Be6 11. Qd2 Qa5 12. Rfd1 Qc7 13. b3 a6 14. Rac1 Nd7 15. Nd5 Bxd5 16. cxd5 Qd8 17. Be3 Nf6 18. f3 Qd7 19. Rc2 Rfc8 20. Rdc1 b5 21. Rxc8+ Rxc8 22. Rxc8+ Qxc8 23. Qc1 Qxc1+ 24. Bxc1 Nd7 25. Be3 Bc3 26. Kf2 Nc5 27. Bg5 f6 28. Be3 Kf7 29. Kg3 h5 30. h4 Be5+ 31. Kh3 Bc3 32. g3 Be1 33. Bc1 Bc3 34. Bf4 Bd4 35. Bd2 Bf2 36. Kg2 Bd4 37. Bc1 Bc3 38. Be3 Be1 1/2-1/2

[Event "Barcelona Sant Marti op-B 15th"]
[Site "Barcelona"]
[Date "2013.07.15"]
[Round "3"]
[White "Kazmierczak, Ewa"]
[Black "Antequera Garcia, Luis"]
[Result "1-0"]
[WhiteElo "1574"]
[BlackElo "1310"]
[PlyCount "89"]
[EventDate "2013.07.13"]
[EventType "swiss"]
[EventRounds "9"]
[EventCountry "ESP"]
[SourceTitle "CBM 155 Extra"]
[Source "ChessBase"]
[SourceDate "2013.08.26"]
[SourceVersion "1"]
[SourceVersionDate "2013.08.26"]
[SourceQuality "1"]

1. e4 e5 2. Nf3 Nc6 3. Bb5 Bc5 4. c3 Nf6 5. 0-0 0-0 6. Re1 d5 7. exd5 Qxd5 8. Bxc6 Qxc6 9. Nxe5 Qb6 10. d4 Bd6 11. Nc4 Qc6 12. Nxd6 Qxd6 13. Nd2 Bf5 14. h3 Rfe8 15. Nf3 Be4 16. Ng5 Re7 17. Nxe4 Nxe4 18. Be3 Rae8 19. Qc2 Ng3 20. Qd3 Ne4 21. Rad1 c5 22. dxc5 Qxd3 23. Rxd3 Nxc5 24. Rd2 Ne4 25. Rde2 b6 26. Kf1 Nd6 27. Bf4 Nc8 28. Rxe7 Nxe7 29. Bd6 Kf8 30. Bxe7+ Rxe7 31. Rxe7 Kxe7 32. Ke2 Ke6 33. Ke3 f5 34. c4 Ke5 35. f4+ Kd6 36. Kd4 h6 37. b4 g5 38. fxg5 hxg5 39. g3 a6 40. a4 Ke6 41. a5 bxa5 42. bxa5 f4 43. gxf4 gxf4 44. Ke4 Kd6 45. h4 1-0

[Event "Warsaw-ch opB 66th"]
[Site "Warsaw"]
[Date "2013.05.18"]
[Round "8"]
[White "Kazmierczak, Ewa"]
[Black "Milczarek, Robert"]
[Result "0-1"]
[WhiteElo "1532"]
[BlackElo "1848"]
[PlyCount "64"]
[EventDate "2013.05.11"]
[EventType "swiss"]
[EventRounds "9"]
[EventCountry "POL"]
[SourceTitle "CBM 154 Extra"]
[Source "ChessBase"]
[SourceDate "2013.06.25"]
[SourceVersion "2"]
[SourceVersionDate "2013.06.25"]
[SourceQuality "1"]

1. e4 Nf6 2. e5 Nd5 3. d4 d6 4. Nf3 dxe5 5. Nxe5 c6 6. c4 Nb4 7. Na3 Bf5 8. Be2 e6 9. b3 Nd7 10. Nf3 Be7 11. 0-0 0-0 12. Ne1 c5 13. Bf3 cxd4 14. Nac2 Nxc2 15. Nxc2 d3 16. Ne3 Bf6 17. Nxf5 exf5 18. Ba3 Re8 19. Rb1 Qa5 20. Bd6 Rad8 21. a4 Qb6 22. Bf4 g5 23. Be3 Rxe3 24. fxe3 Qxe3+ 25. Kh1 Ne5 26. Bd5 f4 27. Re1 Qf2 28. Rxe5 Bxe5 29. Qh5 Rf8 30. Qxg5+ Bg7 31. Be4 d2 32. Qh5 Qe1+ 0-1

[Event "Warsaw-ch opB 66th"]
[Site "Warsaw"]
[Date "2013.05.14"]
[Round "4"]
[White "Herman, Monika"]
[Black "Kazmierczak, Ewa"]
[Result "0-1"]
[WhiteElo "1693"]
[BlackElo "1532"]
[PlyCount "86"]
[EventDate "2013.05.11"]
[EventType "swiss"]
[EventRounds "9"]
[EventCountry "POL"]
[SourceTitle "CBM 154 Extra"]
[Source "ChessBase"]
[SourceDate "2013.06.25"]
[SourceVersion "2"]
[SourceVersionDate "2013.06.25"]
[SourceQuality "1"]

1. e4 e6 2. d4 d5 3. exd5 exd5 4. Bd3 Bd6 5. Nf3 Nf6 6. 0-0 0-0 7. Re1 Bg4 8. h3 Bh5 9. Be3 Nbd7 10. Nbd2 c6 11. c3 Qc7 12. Qc2 Bg6 13. Bxg6 hxg6 14. Bg5 Nh7 15. Be7 Rfe8 16. Bxd6 Qxd6 17. Qd3 Re7 18. Rxe7 Qxe7 19. Re1 Qd6 20. Re3 Ndf6 21. Qe2 Kf8 22. Nh2 Re8 23. Rxe8+ Nxe8 24. g3 Qe7 25. Kf1 Ng5 26. Qxe7+ Kxe7 27. h4 Ne4 28. Nxe4 dxe4 29. Ke2 f5 30. Ke3 Nd6 31. b3 Kf6 32. c4 g5 33. hxg5+ Kxg5 34. a3 Kf6 35. g4 g6 36. gxf5 gxf5 37. Kf4 b6 38. Nf1 Nb7 39. Ne3 Na5 40. b4 Nb3 41. d5 cxd5 42. cxd5 Nd4 43. a4 Ne2# 0-1

[Event "Warsaw-ch opB 66th"]
[Site "Warsaw"]
[Date "2013.05.13"]
[Round "3"]
[White "Moscicki, Slawomir"]
[Black "Kazmierczak, Ewa"]
[Result "0-1"]
[WhiteElo "1385"]
[BlackElo "1532"]
[PlyCount "95"]
[EventDate "2013.05.11"]
[EventType "swiss"]
[EventRounds "9"]
[EventCountry "POL"]
[SourceTitle "CBM 154 Extra"]
[Source "ChessBase"]
[SourceDate "2013.06.25"]
[SourceVersion "2"]
[SourceVersionDate "2013.06.25"]
[SourceQuality "1"]

1. e4 e6 2. d4 d5 3. e5 c5 4. c3 Nc6 5. Nf3 cxd4 6. cxd4 Bb4+ 7. Nc3 a6 8. a3 Ba5 9. b4 Bc7 10. Bd3 f6 11. Bf4 Nxd4 12. Bg6+ hxg6 13. Qxd4 g5 14. Bg3 f5 15. h3 Nh6 16. Bh2 g4 17. Ng1 b5 18. f3 Bb6 19. Qd2 d4 20. Nce2 Bb7 21. Nf4 Qd7 22. Ng6 Rh7 23. Bf4 gxf3 24. Nxf3 Bxf3 25. gxf3 Rc8 26. Rd1 Qd5 27. 0-0 Kf7 28. Qg2 Ng8 29. Kh2 Rc3 30. Bc1 Ne7 31. Nxe7 Kxe7 32. Rde1 d3 33. Qg5+ Kd7 34. Bd2 Rc2 35. Rd1 Qxe5+ 36. f4 Qe2+ 37. Qg2 Qxg2+ 38. Kxg2 Be3 39. Rf2 Bxf2 40. Kxf2 Rxh3 41. Kg2 Rh8 42. Kg3 Ke7 43. Be3 Rd8 44. Kh4 Rc3 45. Kg5 Kf7 46. Ra1 Rc2 47. Rd1 Rg2+ 48. Kh4 0-1

[Event "Gibraltar Masters 11th"]
[Site "Caleta"]
[Date "2013.01.31"]
[Round "10"]
[White "Wilson, Matthew R"]
[Black "Kazmierczak, Ewa"]
[Result "1/2-1/2"]
[WhiteElo "1827"]
[BlackElo "1512"]
[PlyCount "63"]
[EventDate "2013.01.22"]
[EventType "swiss"]
[EventRounds "10"]
[EventCountry "GGB"]
[SourceTitle "CBM 153"]
[Source "ChessBase"]
[SourceDate "2013.03.14"]
[SourceVersion "1"]
[SourceVersionDate "2013.03.14"]
[SourceQuality "1"]

1. Nf3 d5 2. g3 Nf6 3. Bg2 c6 4. 0-0 Bf5 5. c4 h6 6. cxd5 cxd5 7. Qb3 b6 8. Nc3 e6 9. d3 Nbd7 10. Qa4 Be7 11. Nd4 0-0 12. Nxf5 exf5 13. Qf4 Rc8 14. Qxf5 d4 15. Nb5 Rc5 16. Qf4 Rxb5 17. Qxd4 Nc5 18. Qc4 Qd7 19. a4 Ra5 20. b4 Rxa4 21. Rxa4 Qxa4 22. bxc5 Qxc4 23. dxc4 Bxc5 24. Bf4 Rd8 25. Bc6 a5 26. Kg2 Rd4 27. Bb5 Rd8 28. h3 Ne4 29. Rc1 Nxf2 30. Bc6 Nd1 31. Kf3 Nf2 32. Kg2 1/2-1/2

[Event "Warsaw MG-ch 2nd"]
[Site "Warsaw"]
[Date "2012.04.02"]
[Round "11"]
[White "Kazmierczak, Ewa"]
[Black "Kesy, Maciej"]
[Result "0-1"]
[WhiteElo "1462"]
[BlackElo "1508"]
[PlyCount "90"]
[EventDate "2012.01.02"]
[EventType "swiss"]
[EventRounds "11"]
[EventCountry "POL"]
[SourceTitle "EXT 2014"]
[Source "ChessBase"]
[SourceDate "2013.11.20"]
[SourceVersion "1"]
[SourceVersionDate "2013.11.20"]
[SourceQuality "1"]

1. e4 c5 2. Nf3 Nc6 3. d4 cxd4 4. Nxd4 Nf6 5. Nc3 e5 6. Nxc6 bxc6 7. a3 d5 8. exd5 cxd5 9. Bg5 d4 10. Ne4 Qb6 11. Nxf6+ gxf6 12. Bc1 f5 13. Bc4 Bg7 14. b4 0-0 15. 0-0 Bb7 16. Be2 Rac8 17. Bb2 Qc6 18. Bf3 e4 19. Bh5 Rfd8 20. Rc1 Qd6 21. Re1 Bh6 22. Rb1 Bf4 23. g3 Bh6 24. Bc1 Bg7 25. Bg5 Re8 26. Qd2 Qc6 27. Qf4 e3 28. f3 Qxc2 29. Kh1 Be5 30. Qh4 Qa2 31. Bf4 Qe6 32. Bxe5 Qxe5 33. Rbd1 Rcd8 34. Rc1 Rc8 35. Qg5+ Kh8 36. Qf4 Qxf4 37. gxf4 Rxc1 38. Rxc1 Rc8 39. Rxc8+ Bxc8 40. Kg2 Be6 41. Kf1 Kg7 42. b5 Kh6 43. Bxf7 Bxf7 44. a4 Bc4+ 45. Ke1 Kh5 0-1

[Event "Warsaw MG-ch 2nd"]
[Site "Warsaw"]
[Date "2012.03.26"]
[Round "10"]
[White "Borowski, Marek"]
[Black "Kazmierczak, Ewa"]
[Result "1-0"]
[WhiteElo "1566"]
[BlackElo "1462"]
[PlyCount "65"]
[EventDate "2012.01.02"]
[EventType "swiss"]
[EventRounds "11"]
[EventCountry "POL"]
[SourceTitle "EXT 2014"]
[Source "ChessBase"]
[SourceDate "2013.11.20"]
[SourceVersion "1"]
[SourceVersionDate "2013.11.20"]
[SourceQuality "1"]

1. d4 e6 2. e4 d5 3. e5 c5 4. c3 Nc6 5. Nf3 Qb6 6. Be2 cxd4 7. cxd4 Nge7 8. Na3 Nf5 9. Nc2 Be7 10. 0-0 0-0 11. a3 a5 12. Rb1 Bd7 13. Bd3 Qc7 14. g4 Nh4 15. Nxh4 Bxh4 16. Qf3 g6 17. Be3 Qd8 18. Ne1 Bg5 19. Ng2 f5 20. gxf5 Bxe3 21. fxe3 Ne7 22. f6 Nf5 23. Bxf5 exf5 24. Qxd5+ Kh8 25. e6 Bc6 26. Qxd8 Rfxd8 27. Nf4 Rd6 28. h4 Bd5 29. Nxd5 Rxd5 30. Rfd1 Kg8 31. Rbc1 Rad8 32. Rc7 R5d6 33. f7+ 1-0

[Event "Warsaw MG-ch 2nd"]
[Site "Warsaw"]
[Date "2012.03.12"]
[Round "9"]
[White "Kwiek, Janusz"]
[Black "Kazmierczak, Ewa"]
[Result "1/2-1/2"]
[WhiteElo "1651"]
[BlackElo "1462"]
[PlyCount "110"]
[EventDate "2012.01.02"]
[EventType "swiss"]
[EventRounds "11"]
[EventCountry "POL"]
[SourceTitle "EXT 2014"]
[Source "ChessBase"]
[SourceDate "2013.11.20"]
[SourceVersion "1"]
[SourceVersionDate "2013.11.20"]
[SourceQuality "1"]

1. Nf3 d5 2. d4 Nf6 3. c4 dxc4 4. e3 e6 5. Bxc4 c5 6. 0-0 a6 7. dxc5 Qxd1 8. Rxd1 Bxc5 9. Nc3 b5 10. Bd3 Bb7 11. a3 Bxf3 12. gxf3 Nc6 13. b4 Bb6 14. Ne4 Rd8 15. Nxf6+ gxf6 16. Bb2 Ke7 17. Be4 Ne5 18. Rxd8 Bxd8 19. Bd4 Bc7 20. Rc1 Bd6 21. Rc3 Nc4 22. f4 Rg8+ 23. Kh1 e5 24. fxe5 fxe5 25. Bc5 Bxc5 26. bxc5 h6 27. Bb7 Rg6 28. Bd5 f5 29. a4 Kd7 30. axb5 axb5 31. Rb3 Na5 32. Rxb5 Nc6 33. Rb7+ Kd8 34. Rf7 Ne7 35. e4 f4 36. f3 Nc6 37. Rf8+ Ke7 38. Rg8 Rxg8 39. Bxg8 Nb4 40. Bc4 Kd7 41. Bb5+ Kc7 42. Kg2 Nc2 43. Ba4 Nd4 44. Kf2 Ne6 45. c6 Nd4 46. Kg2 Nxc6 47. Bxc6 Kxc6 48. Kh3 Kc5 49. Kg4 Kd4 50. Kf5 Ke3 51. Kxe5 Kxf3 52. Kd4 Kg4 53. e5 f3 54. Ke3 Kf5 55. Kxf3 Kxe5 1/2-1/2

[Event "Warsaw MG-ch 2nd"]
[Site "Warsaw"]
[Date "2012.02.20"]
[Round "6"]
[White "Jakimczuk, Alicja"]
[Black "Kazmierczak, Ewa"]
[Result "0-1"]
[WhiteElo "1418"]
[BlackElo "1477"]
[PlyCount "44"]
[EventDate "2012.01.02"]
[EventType "swiss"]
[EventRounds "11"]
[EventCountry "POL"]
[SourceTitle "EXT 2014"]
[Source "ChessBase"]
[SourceDate "2013.11.20"]
[SourceVersion "1"]
[SourceVersionDate "2013.11.20"]
[SourceQuality "1"]

1. d4 d5 2. Nf3 Nf6 3. g3 Bg4 4. Bg2 e6 5. c4 c6 6. cxd5 cxd5 7. Nc3 Be7 8. Qc2 Nc6 9. 0-0 0-0 10. Re1 Bxf3 11. Bxf3 Nxd4 12. Qd2 Nxf3+ 13. exf3 a6 14. Re5 Qc7 15. Qe2 Bd6 16. Rg5 h6 17. Rxg7+ Kxg7 18. Qd2 Rh8 19. Ne2 Rac8 20. Nd4 Qb6 21. b3 Qb4 22. Qd1 Kf8 0-1

[Event "Gibraltar Masters 10th"]
[Site "Caleta"]
[Date "2012.01.30"]
[Round "7"]
[White "Kazmierczak, Ewa"]
[Black "Savage, Neil"]
[Result "0-1"]
[WhiteElo "1477"]
[BlackElo "1645"]
[PlyCount "84"]
[EventDate "2012.01.24"]
[EventType "swiss"]
[EventRounds "10"]
[EventCountry "GGB"]
[SourceTitle "CBM 147"]
[Source "ChessBase"]
[SourceDate "2012.03.16"]
[SourceVersion "1"]
[SourceVersionDate "2012.03.16"]
[SourceQuality "1"]

1. e4 c5 2. Nc3 d6 3. g3 g6 4. Bg2 Bg7 5. d3 Nc6 6. Be3 e6 7. Nge2 Nge7 8. 0-0 Rb8 9. Qd2 0-0 10. Bh6 b5 11. Bxg7 Kxg7 12. Nd1 Bb7 13. Ne3 b4 14. d4 cxd4 15. Nxd4 Qd7 16. Rad1 Ba6 17. Rfe1 Rfd8 18. Nxc6 Nxc6 19. Ng4 Qe7 20. h4 Ne5 21. Nxe5 dxe5 22. Qe3 Bb5 23. c3 bxc3 24. Qxc3 f6 25. Bh3 Rdc8 26. Qe3 Rc2 27. Qb3 Qc5 28. Qe3 Qxe3 29. Rxe3 Rxb2 30. Bxe6 a6 31. Kg2 Rc2 32. Ree1 Ba4 33. Rb1 Rd8 34. Rb7+ Kh8 35. Rf7 Rdd2 36. Rxf6 Rc6 37. Rf8+ Kg7 38. Re8 Rcc2 39. Ra8 Rxf2+ 40. Kh3 h5 41. Rh1 Bb5 42. Rc8 Bf1+ 0-1

[Event "Gibraltar Masters 10th"]
[Site "Caleta"]
[Date "2012.01.29"]
[Round "6"]
[White "Groffen, Hans"]
[Black "Kazmierczak, Ewa"]
[Result "1-0"]
[WhiteElo "2204"]
[BlackElo "1477"]
[PlyCount "85"]
[EventDate "2012.01.24"]
[EventType "swiss"]
[EventRounds "10"]
[EventCountry "GGB"]
[SourceTitle "CBM 147"]
[Source "ChessBase"]
[SourceDate "2012.03.16"]
[SourceVersion "1"]
[SourceVersionDate "2012.03.16"]
[SourceQuality "1"]

1. d4 d5 2. c4 dxc4 3. e4 c5 4. d5 Nf6 5. Nc3 e6 6. Bxc4 exd5 7. exd5 a6 8. a4 Bd6 9. Nf3 Bg4 10. h3 Bxf3 11. Qxf3 0-0 12. 0-0 Nbd7 13. Qd1 Re8 14. Re1 h6 15. Bd2 Nb6 16. Ba2 Qc7 17. Qf3 Nbd7 18. Rad1 Rad8 19. Nb1 b5 20. axb5 axb5 21. Na3 Qb7 22. Bf4 Bxf4 23. Rxe8+ Rxe8 24. Qxf4 c4 25. d6 Qc6 26. Bb1 Qb7 27. Kf1 Qc6 28. Bf5 Qc5 29. Bxd7 Nxd7 30. Qd4 Qc6 31. Qd5 Qb6 32. Nxb5 Re5 33. Qa8+ Kh7 34. Rd5 f6 35. Rxe5 fxe5 36. Qe4+ g6 37. Qxc4 Kg7 38. Kg1 g5 39. Qd5 Kf6 40. Nc7 Kg7 41. Qe6 Qc6 42. Ne8+ Kf8 43. Qe7+ 1-0

[Event "Gibraltar Masters 10th"]
[Site "Caleta"]
[Date "2012.01.27"]
[Round "4"]
[White "Kazmierczak, Ewa"]
[Black "Zaky, Tamir"]
[Result "0-1"]
[WhiteElo "1477"]
[BlackElo "1882"]
[PlyCount "55"]
[EventDate "2012.01.24"]
[EventType "swiss"]
[EventRounds "10"]
[EventCountry "GGB"]
[SourceTitle "CBM 147"]
[Source "ChessBase"]
[SourceDate "2012.03.16"]
[SourceVersion "1"]
[SourceVersionDate "2012.03.16"]
[SourceQuality "1"]

1. e4 Nc6 2. Nf3 e5 3. Bb5 a6 4. Ba4 Nf6 5. 0-0 b5 6. Bb3 Bc5 7. c3 Bb6 8. Re1 Bb7 9. d4 Qe7 10. h3 d6 11. Bc2 h6 12. Be3 Na5 13. Nbd2 g5 14. Nh2 c5 15. d5 Bc8 16. b3 Rg8 17. Ndf1 g4 18. h4 Qf8 19. Ng3 Qg7 20. Qd2 Rh8 21. Bd1 h5 22. Be2 Qg6 23. Bd3 Nb7 24. a4 Na5 25. Qc2 Nxb3 26. Bxb5+ axb5 27. Qxb3 Bd7 28. axb5 0-1

[Event "Warsaw MG-ch 2nd"]
[Site "Warsaw"]
[Date "2012.01.09"]
[Round "2"]
[White "Kazmierczak, Ewa"]
[Black "Budrewicz, Henryk"]
[Result "1-0"]
[WhiteElo "1477"]
[BlackElo "1650"]
[PlyCount "127"]
[EventDate "2012.01.02"]
[EventType "swiss"]
[EventRounds "11"]
[EventCountry "POL"]
[SourceTitle "EXT 2014"]
[Source "ChessBase"]
[SourceDate "2013.11.20"]
[SourceVersion "1"]
[SourceVersionDate "2013.11.20"]
[SourceQuality "1"]

1. e4 e6 2. d4 b6 3. Nf3 Bb7 4. Bd3 Nf6 5. Qe2 Bb4+ 6. c3 Be7 7. 0-0 0-0 8. Re1 d6 9. Nbd2 Nbd7 10. e5 dxe5 11. dxe5 Ne8 12. Ne4 h6 13. Ng3 Nc5 14. Bc4 c6 15. Rd1 Qc7 16. Ne4 b5 17. Nxc5 Bxc5 18. Bd3 Qe7 19. Be3 Bxe3 20. Qxe3 f5 21. b4 Nc7 22. Qc5 Qf7 23. Bc2 Nd5 24. Bb3 Rfd8 25. Nd4 Qe8 26. a4 a6 27. a5 Rac8 28. g3 Rd7 29. Rd2 g5 30. h3 Rcd8 31. Rad1 Re7 32. Rd3 Kh8 33. Nc2 h5 34. Rd4 f4 35. Rf1 Rf7 36. Bxd5 cxd5 37. Rdd1 Rc8 38. Qd4 Rc4 39. Qd3 Rfc7 40. Ne1 Rxc3 41. Qd4 R7c4 42. Qb6 Qd7 43. Qd6 Qe8 44. Qb6 Bc8 45. Nd3 Rc6 46. Qb8 R3c4 47. Rc1 Rxc1 48. Rxc1 Rxc1+ 49. Nxc1 fxg3 50. fxg3 Qc6 51. Nd3 Kg7 52. Nc5 d4 53. Qd6 Qe8 54. Qxd4 Qf7 55. Qd8 Bb7 56. Qxg5+ Kh7 57. g4 hxg4 58. hxg4 Qf3 59. Qh4+ Kg8 60. Qg5+ Kh8 61. Qf6+ Qxf6 62. exf6 Bc8 63. g5 Kh7 64. Ne4 1-0

[Event "POL-chT3 Mazowiecki"]
[Site "Warsaw"]
[Date "2011.01.09"]
[Round "2.6"]
[White "Kazmierczak, Ewa"]
[Black "Milkowska, Ernesta"]
[Result "0-1"]
[WhiteElo "1421"]
[BlackElo "1828"]
[PlyCount "68"]
[EventDate "2011.01.09"]
[EventType "team-tourn"]
[EventRounds "10"]
[EventCountry "POL"]
[SourceTitle "EXT 2015"]
[Source "ChessBase"]
[SourceDate "2014.11.20"]
[SourceVersion "1"]
[SourceVersionDate "2014.11.20"]
[SourceQuality "1"]
[WhiteTeam "Warszawa Hetman"]
[BlackTeam "Otwock UKS MDK"]
[WhiteTeamCountry "POL"]
[BlackTeamCountry "POL"]

1. e4 g6 2. d4 Bg7 3. c4 c5 4. Nf3 cxd4 5. Nxd4 Nc6 6. Nxc6 bxc6 7. Be2 Nf6 8. Nc3 d6 9. 0-0 0-0 10. b3 Nxe4 11. Nxe4 Bxa1 12. Bh6 Bg7 13. Qd2 Bb7 14. Bxg7 Kxg7 15. Qc3+ Kg8 16. Rd1 Qc7 17. Qh3 f6 18. c5 d5 19. Ng3 Kg7 20. Qg4 Bc8 21. Qf3 e5 22. Qc3 Be6 23. Qc2 Rfd8 24. b4 Rab8 25. a3 a5 26. Rb1 axb4 27. axb4 f5 28. Qb2 d4 29. f3 h5 30. Bd3 Re8 31. Qc1 h4 32. Ne2 Qf7 33. Qg5 Rh8 34. Kf2 e4 0-1